000 00735nam a22002177a 4500
999 _c5891
_d5891
003 AR-CdUCM
008 190313b ||||| |||| 00| 0 spa d
040 _aMUNICIPALIDAD PROVINCIAL DEL CUSCO
_cBIBLIOTECA MUNICIPAL DEL CUSCO
082 _a917.8 /
_bN992
_22ed.
100 _a Núñez Jiménez, Antonio
_915634
245 _aGeografía de Cuba /
260 _aLa Habana :
_bLex,
_c1959.
300 _a624 páginas ;
_bMapas, ilustraciones,
_c25 cm.
500 _aDonación de la familia Nieto
505 _aContenido: Geografía física -- Geografía humana y política -- Recursos naturales ...
650 _aCuba
_91821
650 _aPolítica
_9291
650 _aGeografía de Cuba
_917366
942 _2ddc
_cLIBROS
945 _acmm